000 00740cam a22002411 4500
001 ne 68003003
003 DLC
005 20260227111845.0
008 891109s1968 ua abc b 000 0 ara
010 _ane 68003003
025 _aPL480:UAR-9643
035 _a(OCoLC)20620559
040 _aDLC
_cWaU
_dWaU
_dDLC
042 _apremarc
043 _aa-ii---
050 0 0 _aDS461
_b.S52
100 1 _aShayyāl, Jamāl al-Dīn.
245 1 0 _aTārīkh dawlat abāṭirat al-Maghūl al-Islāmīyah fī al-Hind
_c[taʼlīf] Jamāl al-Dīn al-Shayyāl.
260 _aal-Iskandarīyah,
_bMunshāʼat al-Maʻārif,
_c1968.
300 _a189 p.
_billus., maps, ports.
_c24 cm.
504 _aBibliography: p. [167]-175.
651 0 _aMogul Empire.
999 _c50657
_d50657